[Event "Cattolica op 6th"]
[Site "Cattolica"]
[Date "2019.06.11"]
[Round "5"]
[White "Fedorchuk, Sergey A"]
[Black "Ankit, R Rajpara"]
[Result "1-0"]
[WhiteElo "2631"]
[BlackElo "2447"]
[PlyCount "113"]
[EventDate "2019.06.08"]
[EventType "swiss"]
[EventRounds "9"]
[EventCountry "ITA"]
[SourceTitle "CBM 190 Extra"]
[Source "ChessBase"]
[SourceDate "2019.07.15"]
[SourceVersion "1"]
[SourceVersionDate "2019.07.15"]
[SourceQuality "1"]

1. e4 c6 2. d4 d5 3. Nd2 dxe4 4. Nxe4 Bf5 5. Ng3 Bg6 6. Nh3 e6 7. Nf4 Bd6 8. c3 Nf6 9. Qf3 Nbd7 10. Bc4 Qc7 11. Nxg6 hxg6 12. Bg5 0-0-0 13. 0-0-0 Qa5 14. h4 Rdf8 15. Rhe1 Qc7 16. Ne4 Nxe4 17. Rxe4 Nb6 18. Bb3 Be7 19. Bf4 Bd6 20. Bd2 Nd5 21. g3 Nf6 22. Re2 Qa5 23. Rde1 Qf5 24. Qg2 Qa5 25. Kb1 Qc7 26. Qf3 Qa5 27. Ka1 Qc7 28. a3 Kb8 29. Rd1 Ka8 30. c4 c5 31. dxc5 Bxc5 32. Bc3 Rd8 33. Red2 Rxd2 34. Rxd2 Rd8 35. Be5 Qc8 36. Rxd8 Qxd8 37. g4 Qd2 38. Ka2 Bd4 39. Bxd4 Qxd4 40. g5 Ne4 41. Qxf7 a6 42. Qxe6 Nxf2 43. Bc2 Qxh4 44. c5 Qd4 45. c6 Kb8 46. cxb7 Kxb7 47. Qxg6 a5 48. Qf5 Kb6 49. Qf7 a4 50. Bxa4 Nd3 51. Qb3+ Ka7 52. Qc2 Nc5 53. Bb3 Qe3 54. g6 Kb6 55. Bc4 Qd4 56. Bf7 Ne4 57. Qc4 1-0

[Event "Cattolica op 6th"]
[Site "Cattolica"]
[Date "2019.06.10"]
[Round "4"]
[White "Ankit, R Rajpara"]
[Black "Martinez Alcantara, Jose Eduardo"]
[Result "1/2-1/2"]
[WhiteElo "2447"]
[BlackElo "2583"]
[PlyCount "41"]
[EventDate "2019.06.08"]
[EventType "swiss"]
[EventRounds "9"]
[EventCountry "ITA"]
[SourceTitle "CBM 190 Extra"]
[Source "ChessBase"]
[SourceDate "2019.07.15"]
[SourceVersion "1"]
[SourceVersionDate "2019.07.15"]
[SourceQuality "1"]

1. d4 Nf6 2. c4 e6 3. g3 d5 4. Nf3 Bb4+ 5. Bd2 Be7 6. Bg2 0-0 7. 0-0 Nbd7 8. Qc2 a5 9. b3 c6 10. Rd1 b6 11. Bc3 Ba6 12. Nbd2 h6 13. e4 Qb8 14. Ne5 Bb7 15. Re1 Qc7 16. Rac1 Rac8 17. Bb2 Qd8 18. a3 Nxe5 19. dxe5 Ne8 20. exd5 cxd5 21. Qd3 1/2-1/2

[Event "Budapest Spring op"]
[Site "Budapest"]
[Date "2019.04.16"]
[Round "8"]
[White "Pratyusha, Bodda"]
[Black "Ankit, R Rajpara"]
[Result "1/2-1/2"]
[WhiteElo "2277"]
[BlackElo "2462"]
[PlyCount "84"]
[EventDate "2019.04.09"]
[EventType "swiss"]
[EventRounds "9"]
[EventCountry "HUN"]
[SourceTitle "CBM 190 Extra"]
[Source "ChessBase"]
[SourceDate "2019.07.15"]
[SourceVersion "1"]
[SourceVersionDate "2019.07.15"]
[SourceQuality "1"]

1. e4 e5 2. Nf3 Nc6 3. Bc4 Nf6 4. d3 Be7 5. Bb3 0-0 6. c3 d6 7. h3 Na5 8. Bc2 c5 9. Nbd2 Nc6 10. Nf1 h6 11. Ng3 Re8 12. 0-0 Bf8 13. d4 exd4 14. cxd4 cxd4 15. Nxd4 d5 16. Nxc6 bxc6 17. exd5 cxd5 18. Be3 Bd6 19. Bd4 Be5 20. Re1 Bxd4 21. Qxd4 Rxe1+ 22. Rxe1 Be6 23. Re3 Qa5 24. Bb3 Rc8 25. Rc3 Rxc3 26. bxc3 Qb6 27. Qxb6 axb6 28. f4 Kf8 29. Kf2 Ke7 30. Ke3 Kd6 31. Kd4 g5 32. fxg5 hxg5 33. Bc2 Ng8 34. c4 Nf6 35. Nf5+ Bxf5 36. Bxf5 dxc4 37. Kxc4 Nd5 38. Kd4 Nf4 39. Be4 Ne6+ 40. Kc4 Ke5 41. Bb7 Nc7 42. g3 f5 1/2-1/2

[Event "Budapest Spring op"]
[Site "Budapest"]
[Date "2019.04.15"]
[Round "7"]
[White "Ankit, R Rajpara"]
[Black "Bayramov, Zaur"]
[Result "1/2-1/2"]
[WhiteElo "2462"]
[BlackElo "2301"]
[PlyCount "39"]
[EventDate "2019.04.09"]
[EventType "swiss"]
[EventRounds "9"]
[EventCountry "HUN"]
[SourceTitle "CBM 190 Extra"]
[Source "ChessBase"]
[SourceDate "2019.07.15"]
[SourceVersion "1"]
[SourceVersionDate "2019.07.15"]
[SourceQuality "1"]

1. d4 Nf6 2. c4 c5 3. d5 e6 4. Nc3 exd5 5. cxd5 d6 6. Nf3 g6 7. Bf4 a6 8. a4 Bg7 9. h3 0-0 10. e3 Nh5 11. Bh2 f5 12. Bd3 f4 13. 0-0 Nd7 14. Qd2 Ne5 15. Be2 fxe3 16. fxe3 Nxf3+ 17. Bxf3 Nf6 18. e4 Re8 19. Rae1 Nd7 20. Bxd6 1/2-1/2

[Event "Budapest Spring op"]
[Site "Budapest"]
[Date "2019.04.14"]
[Round "6"]
[White "Bashirli, Nail Qoshqar"]
[Black "Ankit, R Rajpara"]
[Result "1/2-1/2"]
[WhiteElo "2333"]
[BlackElo "2462"]
[PlyCount "70"]
[EventDate "2019.04.09"]
[EventType "swiss"]
[EventRounds "9"]
[EventCountry "HUN"]
[SourceTitle "CBM 190 Extra"]
[Source "ChessBase"]
[SourceDate "2019.07.15"]
[SourceVersion "1"]
[SourceVersionDate "2019.07.15"]
[SourceQuality "1"]

1. e4 c6 2. Nc3 d5 3. Nf3 Bg4 4. h3 Bxf3 5. Qxf3 e6 6. Be2 Nd7 7. 0-0 Ngf6 8. d4 dxe4 9. Nxe4 Nxe4 10. Qxe4 Nf6 11. Qd3 Bd6 12. a4 a5 13. Bg5 0-0 14. Qb3 Rb8 15. c4 h6 16. Be3 Qc7 17. Rfd1 Bh2+ 18. Kh1 Bf4 19. Bf3 Bxe3 20. fxe3 Rfd8 21. Rac1 c5 22. d5 exd5 23. cxd5 b6 24. Qd3 Rd6 25. Qf5 Re8 26. Qf4 Qe7 27. e4 Nd7 28. Rf1 Ne5 29. Be2 Red8 30. Qh2 g6 31. h4 Rf6 32. Rxf6 Qxf6 33. Rf1 Qe7 34. Qg3 Kg7 35. Rf5 f6 1/2-1/2

[Event "Graz op-A"]
[Site "Graz"]
[Date "2019.02.19"]
[Round "3"]
[White "Ankit, R Rajpara"]
[Black "Hoefelsauer, Thomas"]
[Result "1-0"]
[WhiteElo "2451"]
[BlackElo "2361"]
[PlyCount "45"]
[EventDate "2019.02.17"]
[EventType "swiss"]
[EventRounds "9"]
[EventCountry "AUT"]
[SourceTitle "CBM 189 Extra"]
[Source "ChessBase"]
[SourceDate "2019.06.03"]
[SourceVersion "1"]
[SourceVersionDate "2019.06.03"]
[SourceQuality "1"]

1. d4 d5 2. c4 c6 3. Nc3 Nf6 4. e3 a6 5. Nf3 Bf5 6. Ne5 Nbd7 7. Qb3 Qc7 8. cxd5 Nxe5 9. dxe5 Nxd5 10. Nxd5 cxd5 11. Bd2 Qxe5 12. Be2 Qd6 13. Qxb7 Rb8 14. Qa7 e5 15. Bc3 Bc8 16. Rd1 Bb7 17. 0-0 Be7 18. Bb4 Qd8 19. Ba5 Qd6 20. Rc1 Bd8 21. Bb4 Qxb4 22. Qxb8 Qe7 23. Qa7 1-0

[Event "Graz op-A"]
[Site "Graz"]
[Date "2019.02.17"]
[Round "1"]
[White "Ankit, R Rajpara"]
[Black "Srienz, Christian"]
[Result "1-0"]
[WhiteElo "2451"]
[BlackElo "2165"]
[PlyCount "199"]
[EventDate "2019.02.17"]
[EventType "swiss"]
[EventRounds "9"]
[EventCountry "AUT"]
[SourceTitle "CBM 189 Extra"]
[Source "ChessBase"]
[SourceDate "2019.06.03"]
[SourceVersion "1"]
[SourceVersionDate "2019.06.03"]
[SourceQuality "1"]

1. d4 Nf6 2. c4 e6 3. Nf3 d5 4. Nc3 dxc4 5. e3 a6 6. Bxc4 c5 7. 0-0 Nc6 8. a3 b5 9. Bd3 Bb7 10. dxc5 Bxc5 11. b4 Bd6 12. Ne4 Nxe4 13. Bxe4 f5 14. Bc2 Qf6 15. Rb1 Rd8 16. Qe2 0-0 17. e4 f4 18. Bb2 e5 19. Bb3+ Kh8 20. Bd5 Nd4 21. Bxd4 Bxd5 22. exd5 exd4 23. Rbd1 Rfe8 24. Qd3 Be5 25. Qe4 Qg6 26. Rfe1 Qxe4 27. Rxe4 Bf6 28. Rxe8+ Rxe8 29. Kf1 Rd8 30. Ke2 Rxd5 31. Kd3 Kg8 32. Rc1 Rd6 33. Nd2 Rb6 34. Rc7 Kf8 35. Ne4 Be7 36. Kxd4 a5 37. Nc5 Rd6+ 38. Ke5 Rd2 39. Ne4 Rd8 40. Rb7 axb4 41. axb4 f3 42. g3 Bxb4 43. Rxb5 Bd2 44. Kf5 Kg8 45. Kg4 Rd3 46. Rb8+ Kf7 47. Rb7+ Kg8 48. Nc5 Rd6 49. Kxf3 Rf6+ 50. Kg2 Bc3 51. Ne4 Rc6 52. h4 h6 53. h5 Ba1 54. Kf3 Re6 55. Ke3 Be5 56. f4 Ba1 57. Kf3 Bd4 58. Rd7 Bb2 59. Nd6 g6 60. hxg6 Rxg6 61. Nf5 Kh8 62. Nh4 Rg7 63. Rd6 Kh7 64. Rc6 Ba1 65. Rb6 Bd4 66. Ra6 Bb2 67. Ra2 Bc3 68. Nf5 Rg6 69. Ra7+ Kh8 70. Ne7 Rg7 71. Ra8+ Kh7 72. Nd5 Bb2 73. Ra2 Bd4 74. Ke4 Ra7 75. Rc2 Ba1 76. Rc6 Rg7 77. Ra6 Bb2 78. Ra2 Rb7 79. Kf5 Bd4 80. g4 Bb2 81. Ke6 Kg6 82. Ne7+ Kh7 83. Ra6 Bd4 84. f5 Kg7 85. Nd5 Rf7 86. Ra8 Bf6 87. Rc8 Bg5 88. Nc7 Re7+ 89. Kd5 Re1 90. Ne6+ Kf6 91. Nxg5 hxg5 92. Rc6+ Kf7 93. Rg6 Rd1+ 94. Ke4 Ra1 95. Rxg5 Ra4+ 96. Kf3 Ra3+ 97. Kf4 Ra4+ 98. Kg3 Ra3+ 99. Kh4 Ra6 100. Rh5 1-0

[Event "Lienz op 20th"]
[Site "Lienz"]
[Date "2019.02.16"]
[Round "9"]
[White "Ankit, R Rajpara"]
[Black "Sanal, Vahap"]
[Result "1/2-1/2"]
[WhiteElo "2451"]
[BlackElo "2497"]
[PlyCount "108"]
[EventDate "2019.02.09"]
[EventType "swiss"]
[EventRounds "9"]
[EventCountry "AUT"]
[SourceTitle "CBM 188 Extra"]
[Source "ChessBase"]
[SourceDate "2019.02.26"]
[SourceVersion "1"]
[SourceVersionDate "2019.02.26"]
[SourceQuality "1"]

1. d4 Nf6 2. c4 e6 3. Nf3 b6 4. g3 c6 5. Bg2 d5 6. 0-0 Be7 7. Qc2 0-0 8. Nbd2 Bb7 9. e4 Na6 10. a3 dxc4 11. Nxc4 c5 12. e5 Nd5 13. dxc5 Nxc5 14. b4 Nd7 15. Bb2 Rc8 16. Qb3 Rc7 17. Rfd1 Qa8 18. Nd4 a6 19. Nd6 Bxd6 20. exd6 Rcc8 21. Nf5 exf5 22. Bxd5 b5 23. Bxb7 Qxb7 24. Rac1 Rxc1 25. Rxc1 Re8 26. Qc3 f6 27. Qc7 Qxc7 28. Rxc7 Rd8 29. Bd4 Kf7 30. Ra7 Ke6 31. Rxa6 Rc8 32. Ra5 Kd5 33. Bc5 Kc6 34. Ra6+ Kb7 35. Ra7+ Kc6 36. Kf1 g5 37. h4 h6 38. h5 Rd8 39. Rc7+ Kd5 40. Rb7 Kc6 41. Rc7+ Kd5 42. Rb7 Kc6 43. Ra7 Kd5 44. Ra5 Kc6 45. Ra6+ Kd5 46. Ra5 Kc6 47. Ra6+ Kd5 48. a4 Nxc5 49. bxc5 bxa4 50. Rxa4 Kxc5 51. Ra7 Kxd6 52. Rh7 f4 53. gxf4 gxf4 54. Rxh6 Ke5 1/2-1/2

[Event "Lienz op 20th"]
[Site "Lienz"]
[Date "2019.02.14"]
[Round "7"]
[White "Ankit, R Rajpara"]
[Black "Kunin, Vitaly L"]
[Result "1/2-1/2"]
[WhiteElo "2451"]
[BlackElo "2531"]
[PlyCount "21"]
[EventDate "2019.02.09"]
[EventType "swiss"]
[EventRounds "9"]
[EventCountry "AUT"]
[SourceTitle "CBM 188 Extra"]
[Source "ChessBase"]
[SourceDate "2019.02.26"]
[SourceVersion "1"]
[SourceVersionDate "2019.02.26"]
[SourceQuality "1"]

1. d4 Nf6 2. c4 e6 3. Nf3 b6 4. g3 Ba6 5. Nbd2 Bb4 6. Qa4 Bxd2+ 7. Bxd2 0-0 8. Bg2 Bb7 9. 0-0 d6 10. Rfe1 Nbd7 11. Qc2 1/2-1/2

[Event "Lienz op 20th"]
[Site "Lienz"]
[Date "2019.02.09"]
[Round "1"]
[White "Ankit, R Rajpara"]
[Black "Poenisch, Eckehard"]
[Result "1-0"]
[WhiteElo "2451"]
[BlackElo "2135"]
[PlyCount "93"]
[EventDate "2019.02.09"]
[EventType "swiss"]
[EventRounds "9"]
[EventCountry "AUT"]
[SourceTitle "CBM 188 Extra"]
[Source "ChessBase"]
[SourceDate "2019.02.26"]
[SourceVersion "1"]
[SourceVersionDate "2019.02.26"]
[SourceQuality "1"]

1. d4 f5 2. c4 Nf6 3. g3 d6 4. Bg2 c6 5. Nh3 Qc7 6. 0-0 e5 7. Nc3 Be7 8. dxe5 dxe5 9. e4 0-0 10. exf5 Bxf5 11. Ng5 Na6 12. Nge4 Nc5 13. Qc2 Kh8 14. Qe2 Ne6 15. Nxf6 Bxf6 16. Be4 Nd4 17. Qd1 Qf7 18. Bxf5 Nxf5 19. Qd3 e4 20. Nxe4 Rad8 21. Qb1 Nd4 22. Nxf6 Nf3+ 23. Kg2 Qxf6 24. Qe4 Nd2 25. Bxd2 Rxd2 26. Qe3 Rxb2 27. Rab1 Rxa2 28. Rxb7 Rc2 29. Qc5 h6 30. Rxa7 Qf3+ 31. Kg1 Rf4 32. Ra3 Qg4 33. Qxc6 Rfxc4 34. Ra8+ Kh7 35. Qd5 Rc6 36. Qg8+ Kg6 37. Qe8+ Kh7 38. Qg8+ Kg6 39. Ra2 Rc1 40. Qe8+ Kh7 41. Ra1 R1c2 42. Qe3 R6c3 43. Qe7 Re2 44. Qd8 Rf3 45. Ra8 Re6 46. Qg8+ Kg6 47. Ra7 1-0

[Event "Mumbai Wealth op 4th"]
[Site "Mumbai"]
[Date "2019.01.07"]
[Round "9"]
[White "Aditya, Mittal"]
[Black "Ankit, R Rajpara"]
[Result "1/2-1/2"]
[WhiteElo "2251"]
[BlackElo "2465"]
[PlyCount "81"]
[EventDate "2018.12.30"]
[EventType "swiss"]
[EventRounds "9"]
[EventCountry "IND"]
[SourceTitle "CBM 188 Extra"]
[Source "ChessBase"]
[SourceDate "2019.02.26"]
[SourceVersion "1"]
[SourceVersionDate "2019.02.26"]
[SourceQuality "1"]

1. d4 Nf6 2. c4 e6 3. Nc3 Bb4 4. e3 0-0 5. Bd3 d5 6. Nf3 c5 7. cxd5 cxd4 8. exd4 Nxd5 9. 0-0 Nc6 10. a3 Be7 11. Bc2 Nxc3 12. bxc3 b6 13. Qd3 g6 14. h4 Bb7 15. Bh6 Re8 16. h5 Qd5 17. hxg6 hxg6 18. Qe3 e5 19. Be4 exd4 20. Nxd4 Qc4 21. Bxc6 Bxc6 22. Qe5 Bf8 23. Qg5 Bxh6 24. Qxh6 Qxc3 25. Nxc6 Qxc6 26. Rac1 Qf6 27. Rc4 Re7 28. Rh4 Qg7 29. Qd2 Rae8 30. g3 Re2 31. Qd7 R2e7 32. Qh3 Re1 33. Qd7 R1e7 34. Qh3 Re4 35. Rxe4 Rxe4 36. Rc1 Re8 37. Qd7 Qe5 38. Qxa7 Re6 39. Rc8+ Kg7 40. Qb8 Qxb8 41. Rxb8 1/2-1/2

[Event "Mumbai Wealth op 4th"]
[Site "Mumbai"]
[Date "2019.01.04"]
[Round "6"]
[White "Ankit, R Rajpara"]
[Black "Balasubramaniam, H."]
[Result "1/2-1/2"]
[WhiteElo "2465"]
[BlackElo "2270"]
[PlyCount "76"]
[EventDate "2018.12.30"]
[EventType "swiss"]
[EventRounds "9"]
[EventCountry "IND"]
[SourceTitle "CBM 188 Extra"]
[Source "ChessBase"]
[SourceDate "2019.02.26"]
[SourceVersion "1"]
[SourceVersionDate "2019.02.26"]
[SourceQuality "1"]

1. d4 Nf6 2. Nf3 e6 3. Bf4 b6 4. e3 Bb7 5. Bd3 Be7 6. h3 Ne4 7. c4 0-0 8. Nbd2 f5 9. Qc2 Bb4 10. 0-0 Nxd2 11. Nxd2 Bxd2 12. Qxd2 d6 13. Rae1 h6 14. Bg3 Qf6 15. c5 e5 16. cxd6 cxd6 17. dxe5 dxe5 18. Rd1 Kh8 19. Qc3 Nc6 20. Bb5 f4 21. exf4 exf4 22. Qxf6 Rxf6 23. Rd7 a6 24. Rxb7 axb5 25. Bh2 Rxa2 26. Rxb6 Rxb2 27. Bxf4 Rxf4 28. Rxc6 b4 29. Rb6 Kh7 30. Rb7 Kg6 31. Kh2 Rfxf2 32. Rxf2 Rxf2 33. Rxb4 Ra2 34. Rb6+ Kf7 35. Rb7+ Kg6 36. Rb6+ Kf7 37. Rb7+ Kg6 38. Rb6+ Kf7 1/2-1/2

[Event "Mumbai Wealth op 4th"]
[Site "Mumbai"]
[Date "2019.01.02"]
[Round "4"]
[White "Ankit, R Rajpara"]
[Black "Mehdi, Hasan Parag"]
[Result "1-0"]
[WhiteElo "2465"]
[BlackElo "2218"]
[PlyCount "67"]
[EventDate "2018.12.30"]
[EventType "swiss"]
[EventRounds "9"]
[EventCountry "IND"]
[SourceTitle "CBM 188 Extra"]
[Source "ChessBase"]
[SourceDate "2019.02.26"]
[SourceVersion "1"]
[SourceVersionDate "2019.02.26"]
[SourceQuality "1"]

1. d4 Nf6 2. Nf3 d5 3. c4 e6 4. Nc3 Bb4 5. Qa4+ Nc6 6. e3 0-0 7. Qc2 Re8 8. a3 Bd6 9. Bd2 a6 10. Bd3 dxc4 11. Bxc4 e5 12. Ng5 Rf8 13. Nd5 g6 14. Nxf6+ Qxf6 15. Ne4 Qe7 16. Nxd6 cxd6 17. dxe5 Nxe5 18. Be2 Bf5 19. e4 Rac8 20. Bc3 Bg4 21. 0-0 Rc6 22. Rad1 Rfc8 23. Bxg4 Nxg4 24. Qd3 Qh4 25. h3 Ne5 26. Qd4 f6 27. f4 Nc4 28. Rf3 Rf8 29. Qd5+ Kg7 30. Bd4 Re8 31. Rb3 Rc7 32. Rxb7 Ree7 33. Rxc7 Rxc7 34. Rc1 1-0

[Event "Commonwealth-ch"]
[Site "New Delhi"]
[Date "2017.07.06"]
[Round "5"]
[White "Ankit, R Rajpara"]
[Black "Gupta, Abhijeet"]
[Result "0-1"]
[WhiteElo "2474"]
[BlackElo "2625"]
[PlyCount "73"]
[EventDate "2017.07.03"]
[EventType "swiss"]
[EventRounds "9"]
[EventCountry "IND"]
[SourceTitle "CBM 179 Extra"]
[Source "ChessBase"]
[SourceDate "2017.08.23"]
[SourceVersion "1"]
[SourceVersionDate "2017.08.23"]
[SourceQuality "1"]

1. d4 Nf6 2. c4 g6 3. Nf3 Bg7 4. g3 0-0 5. Bg2 c6 6. Nc3 d5 7. cxd5 cxd5 8. Ne5 e6 9. 0-0 Nfd7 10. Nf3 Nf6 11. Ne5 Nc6 12. Nxc6 bxc6 13. Bg5 Qb6 14. Qd2 Nd7 15. Rfd1 Ba6 16. Rac1 Rfc8 17. e4 Bf8 18. h4 h5 19. Rc2 Bc4 20. b3 Ba6 21. Na4 Qb7 22. Nc5 Nxc5 23. dxc5 Bg7 24. Qe3 Qc7 25. Qf3 Re8 26. Re1 Rab8 27. Qd1 d4 28. Bf1 Bxf1 29. Kxf1 e5 30. Qd3 Rf8 31. Kg2 Rfe8 32. Bd2 a5 33. Rec1 Qa7 34. Rc4 Rb5 35. Ra4 Qc7 36. Rac4 Bf8 37. Qc2 0-1

[Event "Commonwealth-ch"]
[Site "New Delhi"]
[Date "2017.07.04"]
[Round "2"]
[White "Ankit, R Rajpara"]
[Black "Parnali, S Dharia"]
[Result "1-0"]
[WhiteElo "2474"]
[BlackElo "2140"]
[PlyCount "217"]
[EventDate "2017.07.03"]
[EventType "swiss"]
[EventRounds "9"]
[EventCountry "IND"]
[SourceTitle "CBM 179 Extra"]
[Source "ChessBase"]
[SourceDate "2017.08.23"]
[SourceVersion "1"]
[SourceVersionDate "2017.08.23"]
[SourceQuality "1"]

1. d4 Nf6 2. c4 g6 3. g3 Bg7 4. Bg2 0-0 5. Nc3 d6 6. Nf3 Nc6 7. 0-0 a6 8. Bf4 Rb8 9. Rc1 Nh5 10. Be3 e5 11. h3 f5 12. dxe5 Nxe5 13. Nxe5 Bxe5 14. Ba7 Ra8 15. Bd4 c6 16. e3 Be6 17. Ne2 Qa5 18. a3 Rad8 19. Qc2 Qc7 20. c5 dxc5 21. Qxc5 Bd6 22. Qc2 Qf7 23. b4 Rfe8 24. Qc3 Bd5 25. Bxd5 Qxd5 26. Rfd1 Qf7 27. Nf4 Ng7 28. Bxg7 Qxg7 29. Qxg7+ Kxg7 30. Nd3 Kf6 31. Kf1 Ke7 32. Ke2 Kd7 33. a4 Kc7 34. b5 Re4 35. bxc6 bxc6 36. Rc2 Rc8 37. Rdc1 Kd7 38. Rd1 Ke6 39. Nb2 Rb4 40. Nc4 Bc7 41. Nb2 Bd6 42. Nc4 Bc7 43. Nb2 Bd6 44. Rcd2 Be7 45. a5 g5 46. h4 gxh4 47. Nd3 Rbb8 48. gxh4 Bd6 49. Nf4+ Bxf4 50. exf4 Re8 51. Rd7 Kf6+ 52. Kf1 Re6 53. Rxh7 Rb4 54. Rh6+ Ke7 55. Rh7+ Kf6 56. Rh6+ Ke7 57. Re1 Rxe1+ 58. Kxe1 Rb5 59. Rxc6 Rxa5 60. Ke2 Ra3 61. h5 Kf7 62. f3 Ra2+ 63. Ke3 Ra5 64. Kd4 Kg7 65. Rg6+ Kh7 66. Rc6 Kg7 67. Rb6 Kh7 68. Rd6 Kg7 69. Re6 Ra4+ 70. Ke3 Ra2 71. Rg6+ Kh7 72. Kd4 Ra5 73. Ke3 Ra2 74. Rf6 Ra5 75. Kf2 Kg7 76. Rg6+ Kh7 77. Kg3 Ra1 78. Kh4 Rf1 79. Rxa6 Rxf3 80. Kg5 Rg3+ 81. Kxf5 Rb3 82. Kg4 Rb5 83. Rg6 Rb1 84. Kg5 Rb5+ 85. f5 Ra5 86. Re6 Ra1 87. Re7+ Kg8 88. Rb7 Rg1+ 89. Kf6 Rh1 90. Ra7 Rh2 91. Ra8+ Kh7 92. Kf7 Rf2 93. Ra5 Rb2 94. Ra8 Rb7+ 95. Kf6 Rb6+ 96. Kg5 Rb7 97. Ra6 Rc7 98. Re6 Ra7 99. Re5 Rg7+ 100. Kf6 Rg1 101. Re7+ Kh6 102. Kf7 Kxh5 103. f6 Kh6 104. Re2 Kg5 105. Rf2 Kh5 106. Kf8 Ra1 107. f7 Ra8+ 108. Ke7 Ra7+ 109. Kd6 1-0

[Event "PRO League Eastern"]
[Site "Chess.com INT"]
[Date "2017.01.18"]
[Round "2"]
[White "Ankit, R Rajpara"]
[Black "Murali, Krishna G1111"]
[Result "1/2-1/2"]
[WhiteElo "2474"]
[BlackElo "2068"]
[PlyCount "178"]
[EventDate "2017.01.11"]
[EventType "team-swiss (rapid)"]
[EventRounds "7"]
[EventCountry "USA"]
[SourceTitle "CBM 176 Extra"]
[Source "ChessBase"]
[SourceDate "2017.03.02"]
[SourceVersion "1"]
[SourceVersionDate "2017.03.02"]
[SourceQuality "1"]
[WhiteTeam "Odisha Express"]
[BlackTeam "Amaravati Yodhas"]
[WhiteTeamCountry "IND"]
[BlackTeamCountry "IND"]

1. Nf3 Nf6 2. g3 c5 3. Bg2 Nc6 4. 0-0 g6 5. d4 cxd4 6. Nxd4 Bg7 7. c4 0-0 8. Nc3 d6 9. Nxc6 bxc6 10. Bxc6 Bh3 11. Bg2 Bxg2 12. Kxg2 Qd7 13. Qd3 Qc6+ 14. Kg1 Rfc8 15. b3 d5 16. Nxd5 Nxd5 17. cxd5 Qc2 18. Rb1 Qxd3 19. exd3 Rd8 20. Re1 Bf6 21. Ba3 Rxd5 22. Bxe7 Bxe7 23. Rxe7 Rxd3 24. Rc1 Rf3 25. Rc4 a5 26. Re5 a4 27. Rxa4 Rxa4 28. bxa4 Ra3 29. a5 Rxa2 30. g4 f6 31. Rb5 Kg7 32. Kg2 Ra3 33. f3 g5 34. Rb7+ Kg6 35. Ra7 h5 36. gxh5+ Kxh5 37. a6 Kg6 38. Ra8 Kf5 39. a7 Kf4 40. Rf8 Rxa7 41. Rxf6+ Ke5 42. Rf8 Ra4 43. Kg3 Rb4 44. Rf7 Ra4 45. Rf8 Rb4 46. Re8+ Kf5 47. Re4 Rb1 48. Ra4 Rg1+ 49. Kf2 Rb1 50. Ra8 Ke5 51. Re8+ Kf5 52. Rf8+ Ke5 53. Kg2 Ra1 54. Kg3 Rg1+ 55. Kh3 Ke6 56. Ra8 Kf5 57. Ra4 Kf6 58. Rg4 Rf1 59. Kg2 Ra1 60. Re4 Kf5 61. Kg3 Rg1+ 62. Kf2 Rh1 63. Kg2 Ra1 64. Rc4 Rb1 65. Kf2 Ra1 66. Rc8 Rb1 67. Rf8+ Ke5 68. Rd8 Ra1 69. Rd2 Kf4 70. Re2 Ra3 71. Re4+ Kf5 72. Rb4 Ra1 73. Rb7 Rc1 74. Rb5+ Kf4 75. Rb4+ Kf5 76. Kg3 Rg1+ 77. Kf2 Rh1 78. Kg2 Ra1 79. Rb5+ Kf4 80. Rb4+ Kf5 81. h4 gxh4 82. Rxh4 Ra8 83. Rh7 Kf4 84. Rf7+ Ke3 85. Kh3 Rg8 86. f4 Kf3 87. Kh4 Rg4+ 88. Kh5 Rxf4 89. Rxf4+ Kxf4 1/2-1/2

[Event "PRO League Eastern"]
[Site "Chess.com INT"]
[Date "2017.01.11"]
[Round "1"]
[White "Svicevic, Rastko"]
[Black "Ankit, R Rajpara"]
[Result "0-1"]
[WhiteElo "2189"]
[BlackElo "2474"]
[PlyCount "50"]
[EventDate "2017.01.11"]
[EventType "team-swiss (rapid)"]
[EventRounds "7"]
[EventCountry "USA"]
[SourceTitle "CBM 176 Extra"]
[Source "ChessBase"]
[SourceDate "2017.03.02"]
[SourceVersion "1"]
[SourceVersionDate "2017.03.02"]
[SourceQuality "1"]
[WhiteTeam "Belgrade Sparrows"]
[BlackTeam "Odisha Express"]
[WhiteTeamCountry "SRB"]
[BlackTeamCountry "IND"]

1. d4 d5 2. Bg5 h6 3. Bh4 g5 4. Bg3 Nf6 5. h4 g4 6. Be5 c5 7. e3 Nc6 8. Nc3 Bg7 9. Bb5 cxd4 10. exd4 Bf5 11. Nge2 h5 12. Qd2 a6 13. Bd3 Nxe5 14. dxe5 Ne4 15. Qf4 Nxc3 16. bxc3 Be6 17. Nd4 Qc7 18. Nxe6 fxe6 19. Bg6+ Kd7 20. 0-0 Bxe5 21. Qc1 g3 22. f4 Bd6 23. Rf3 Raf8 24. Rb1 Rxf4 25. Qd1 Rxh4 0-1

[Event "IND-chT 36th"]
[Site "Bhubaneswar"]
[Date "2016.02.09"]
[Round "2"]
[White "Karthikeyan, Pandian"]
[Black "Ankit, R Rajpara"]
[Result "1/2-1/2"]
[WhiteElo "2462"]
[BlackElo "2491"]
[PlyCount "71"]
[EventDate "2016.02.08"]
[EventType "team-swiss"]
[EventRounds "9"]
[EventCountry "IND"]
[SourceTitle "CBM 170 Extra"]
[Source "ChessBase"]
[SourceDate "2016.02.25"]
[SourceVersion "1"]
[SourceVersionDate "2016.02.25"]
[SourceQuality "1"]
[WhiteTeam "Railway Sports"]
[BlackTeam "Gujarat"]
[WhiteTeamCountry "IND"]
[BlackTeamCountry "IND"]

1. d4 d5 2. c4 c6 3. Nf3 Nf6 4. e3 Bf5 5. Nc3 e6 6. Nh4 Be4 7. f3 Bg6 8. Qb3 Qc7 9. Bd2 Be7 10. 0-0-0 a6 11. c5 Nbd7 12. Na4 e5 13. Be1 0-0 14. Nxg6 hxg6 15. Kb1 Rab8 16. Rc1 Bd8 17. Qc2 Qc8 18. g4 Bc7 19. h4 Re8 20. Bh3 Qd8 21. Bc3 Nf8 22. Rce1 exd4 23. Bxd4 Ne6 24. Bc3 Ba5 25. g5 Nh5 26. Bg4 Bxc3 27. Qxc3 Qc7 28. Qc2 Nf8 29. Rhg1 Re7 30. Nb6 Rbe8 31. Qd2 Ne6 32. b4 Nf8 33. a3 Re5 34. Ka2 R5e7 35. Kb1 Re5 36. Ka2 1/2-1/2

[Event "Al Ain op 4th"]
[Site "Al Ain"]
[Date "2015.12.26"]
[Round "5"]
[White "Pirverdiyev, Agil"]
[Black "Ankit, R Rajpara"]
[Result "1/2-1/2"]
[WhiteElo "2311"]
[BlackElo "2489"]
[PlyCount "188"]
[EventDate "2015.12.23"]
[EventType "swiss"]
[EventRounds "9"]
[EventCountry "UAE"]
[SourceTitle "CBM 170 Extra"]
[Source "ChessBase"]
[SourceDate "2016.02.25"]
[SourceVersion "1"]
[SourceVersionDate "2016.02.25"]
[SourceQuality "1"]

1. e4 c6 2. d4 d5 3. e5 Bf5 4. Nf3 e6 5. Be2 Ne7 6. 0-0 h6 7. Nbd2 Nd7 8. Nb3 Bg6 9. Bd2 Nf5 10. Ba5 b6 11. Bd2 Be7 12. c4 0-0 13. cxd5 cxd5 14. h3 Rc8 15. Rc1 Nb8 16. Rxc8 Qxc8 17. Bc3 Nh4 18. Nxh4 Bxh4 19. Bb4 Re8 20. Bb5 Nc6 21. Qg4 Be7 22. Rc1 h5 23. Qe2 Bxb4 24. Bxc6 Rd8 25. Bxd5 Qb8 26. Bf3 h4 27. Be4 Bxe4 28. Qxe4 Be7 29. Qc6 a5 30. a4 Bg5 31. Rc3 Bf4 32. Qe4 Bg5 33. f4 Be7 34. f5 exf5 35. Qxf5 Qb7 36. Qf3 Qd7 37. Rc6 Bg5 38. Qe4 Be7 39. Kh2 Bb4 40. Rxb6 Qxa4 41. Qxh4 Re8 42. Qg3 Qa2 43. Qe3 Qb1 44. Rb7 Qf5 45. Nc1 Be7 46. Ne2 Bg5 47. Qf3 Qe6 48. Ng3 Rd8 49. Qe4 g6 50. Ne2 Qc4 51. h4 Bh6 52. Qf3 Qe6 53. Ra7 Kg7 54. Rxa5 Rb8 55. Rc5 Rxb2 56. Rc6 Qf5 57. Qxf5 gxf5 58. Ng3 Bf4 59. Rc3 Rd2 60. Kh3 Bxg3 61. Rxg3+ Kh6 62. Rg5 Rd3+ 63. g3 f4 64. Rf5 fxg3 65. Rxf7 Rxd4 66. Kxg3 Re4 67. Rf5 Kg6 68. Rg5+ Kh6 69. Kh3 Rf4 70. Rg4 Rf3+ 71. Rg3 Rf4 72. Re3 Kg7 73. Kg3 Rd4 74. h5 Kf7 75. Rf3+ Ke6 76. Rf4 Rd3+ 77. Kg4 Kxe5 78. h6 Rd1 79. Rf8 Rh1 80. Kg5 Ke6 81. Rf4 Rg1+ 82. Kh5 Rh1+ 83. Kg6 Rg1+ 84. Kh7 Ke7 85. Rf5 Rg2 86. Kh8 Rg1 87. Ra5 Kf7 88. Ra7+ Kf8 89. Rg7 Rh1 90. Kh7 Rh2 91. Kg6 Rg2+ 92. Kh7 Rh2 93. Rg4 Kf7 94. Rf4+ Ke7 1/2-1/2